| 000 | 01018nam0a22002651 4500 | ||
|---|---|---|---|
| 001 | rc\3402228 | ||
| 005 | 20260407180130.0 | ||
| 021 |
_aRU _bРг7487-73 |
||
| 035 | _a(NLR Aleph) 007547116 | ||
| 090 |
_a5161134 _c5161134 |
||
| 100 | _a20130115d1973 |||y0rusy50 ca | ||
| 101 | 0 |
_arus _akir |
|
| 102 | _aRU | ||
| 105 | _ay z ||||| | ||
| 200 | 1 |
_aРешающему году пятилетки - ударный труд _eМатериалы Респ. совещ. работников сел. хоз-ва КиргССР 22 марта 1973 г. |
|
| 210 |
_aФрунзе _cКыргызстан _d1973 |
||
| 215 |
_a32 с. _d16 |
||
| 300 | _aТекст на рус. и кирг. яз. | ||
| 712 | 1 | 2 |
_aКиргизское республиканское совещание специалистов сельского хозяйства _f1967 _eФрунзе _3RU\NLR\AUTH\8810114363 _9728090 |
| 801 | 0 |
_aRU _bNLR _gpsbo |
|
| 801 | 1 |
_aRU _bELAR _2rusmarc |
|
| 852 |
_aNLR _bОНЛ |
||
| 942 | _cBOOK | ||
| 980 | _aNB | ||